000
00348nam a22001577a 4500
999
_c
7818
_d
7818
003
OSt
005
20200522124704.0
008
200522b ||||| |||| 00| 0 eng d
020
_a
9780753713471
082
_a
582.16MAT
100
_a
Matthews, Graeme
245
_a
Trees of the world
250
_a
1st ed.
260
_b
Bounty Books
942
_2
ddc